000
00190 a2200097 4500
001
34989
100
_a
Donald
245
_a
Spy plane
260
_a
London
_b
Hamlyn
_c
090
_c
23141
_d
23141
942
_a
NUST-CAE
_c
M
_c
14605
999
_c
270062
_d
270062